000 00310nam a2200121Ia 4500
008 240731s9999 xx 000 0 und d
022 _a1742-5786
245 0 _aPhysical Education and Sport Pedagogy
260 _bRoutledge
856 _uhttps://www.tandfonline.com/loi/cpes20
942 _2ddc
942 _cTFEJ
999 _c78939
_d78939
945 _a1
_bMadushi Gamage
_c1
_dMadushi Gamage